Integrated training and education in quality management and in all quality related fields

Gespeichert in:
Bibliographische Detailangaben
1. Verfasser: Angélini, Christine
Weitere Verfasser: Ruiz, Jean Michel, Brokeš, Peter, Kita, Jaroslav, Kollár, Vojtech
Format: Buchkapitel
Sprache:Englisch
Tags: Tag hinzufügen
Keine Tags, Fügen Sie das erste Tag hinzu!

MARC

LEADER 00000naa$a2200000$$$4500
001 0145806
005 20240502083336.9
041 0 |a eng 
044 |a AT 
245 1 0 |a Integrated training and education in quality management and in all quality related fields  |c Christine Angélini, Jean Michel Ruiz, Peter Brokeš, Jaroslav Kita, Vojtech Kollár 
100 1 |a Angélini, Christine 
700 1 |a Ruiz, Jean Michel 
700 1 |a Brokeš, Peter 
700 1 |a Kita, Jaroslav 
700 1 |a Kollár, Vojtech